000 02454cam a2200409 i 4500
001 17693558
003 OSt
005 20220308090625.0
008 130411r20142012nyua b 001 0 eng d
010 _a 2013937747
020 _a9780857384256
035 _a(OCoLC)ocn866938609
040 _aTXB
_beng
_cTXB
_erda
_dTXB
_dOCLCO
_dJQM
_dYDXCP
_dBTCTA
_dBDX
_dFOLLT
_dVP@
_dOCLCQ
_dABG
_dCDX
_dCGN
_dOBE
_dOCLCO
_dOCLCF
_dCOO
_dDLC
042 _alccopycat
050 0 0 _aTK5105.875.I57
_bN39 2012
082 0 4 _a004.67/809
_223
100 1 _aNaughton, John
_q(John J.),
_eauthor.
_953185
245 1 0 _aFrom Gutenberg to Zuckerberg :
_bwhat you really need to know about the internet /
_cJohn Naughton.
260 _aLondon :
_bQuercus,
_cc2012.
300 _a373 p :
_billustrations ;
_c24 cm
504 _aIncludes bibliography and index.
505 0 _aPrologue : why this book? --Take the long view -- The Web is not the Net -- For the Net, disruption is a feature, not a bug -- Think ecology, not just economics -- Complexity is the new reality -- The network is now the computer -- The Web is evolving -- Copyrights and "copywrongs," or, Why our intellectual property regime no longer makes sense -- Orwell vs. Huxley : the bookends of our networked future? -- Epilogue.
520 _aA history of the Internet traces its rise from a technological novelty to the essential utility of the Information Age to consider how society takes for granted a basic component that it barely understands, distilling the Internet's evolution into nine essential areas of understanding to lend insight into the information economy and how it can be more effectively used.
650 0 _aInternet.
_953186
650 0 _aComputer networks
_vPopular works.
_953187
650 7 _aInformation technology.
_2fast
_953188
650 7 _aInternet.
_2fast
_953186
650 7 _aInternet
_xSocial aspects.
_2fast
_953189
655 7 _aHistory.
_2fast
_945006
775 0 8 _iReproduction of (work):
_aNaughton, John (John J.)
_tFrom Gutenberg to Zuckerberg
_dLondon : Quercus, 2012
_z9780857384256
856 4 2 _3Contributor biographical information
_uhttp://www.loc.gov/catdir/enhancements/fy1503/2013937747-b.html
856 4 2 _3Publisher description
_uhttp://www.loc.gov/catdir/enhancements/fy1503/2013937747-d.html
906 _a7
_bcbc
_ccopycat
_d2
_eepcn
_f20
_gy-gencatlg
942 _2lcc
_cBK
999 _c67027
_d67001